Państwa, które miały Teksas - Statystyki

Ogólne statystyki
  • Ten quiz został rozwiązany 912 razy
  • Średni wynik to 4 z 6
Statystyki odpowiedzi
Państwo % Poprawnych
Stany Zjednoczone
98%
Meksyk
97%
Hiszpania
83%
Francja
75%
Republika Teksasu
14%
Skonfederowane Stany
8%
Nie znaleziono quizów pasujących do podanych kryteriów
Rozkład punktacji
Procent ludzi z każdym wynikiem
Percentyl według liczby udzielonych odpowiedzi
Twoja historia wyników
Nie rozwiązałeś tego quizu